000 00306 a2200085 4500
020 _a 978-8179935729
100 _aAsheem Srivastav and Suvira Srivastav
245 _aEcological Meltdown: impact of unchecked human growth on the earth s natural systems
260 _bThe Energy and Resources Institute, TERI
_c2015
999 _c13163
_d13163